|
|
|
|
| LEADER |
01317nam a2200385 a 4500 |
| 001 |
nkc20081829082 |
| 003 |
CZ PrNK |
| 005 |
20090325154709.0 |
| 007 |
ta |
| 008 |
081106s2008 xr g 000 f cze |
| 015 |
|
|
|a cnb001829082
|
| 020 |
|
|
|a 978-80-7384-163-8
|q (váz.) :
|c Kč 249,00
|
| 035 |
|
|
|a (OCoLC)316299745
|
| 040 |
|
|
|a ABA001
|b cze
|
| 041 |
1 |
|
|a cze
|h eng
|
| 072 |
|
7 |
|a 821.111(73)-3
|x Americká próza
|2 Konspekt
|9 25
|
| 080 |
|
|
|a 821.111(73)-31
|2 MRF
|
| 080 |
|
|
|a (0:82-31)
|2 MRF
|
| 100 |
1 |
|
|a Blake, Jennifer,
|d 1942-
|7 xx0000026
|4 aut
|
| 245 |
1 |
0 |
|a Střežené srdce :
|b mistři meče /
|c Jennifer Blake ; [přeložila Dana Šimotová]
|
| 246 |
3 |
0 |
|a Mistři meče
|
| 250 |
|
|
|a Vyd. 1.
|
| 260 |
|
|
|a Praha :
|b Baronet,
|c 2008
|
| 300 |
|
|
|a 386 s. ;
|c 20 cm
|
| 500 |
|
|
|a Přeloženo z angličtiny
|
| 500 |
|
|
|a 4. příběh cyklu Mistři meče
|
| 655 |
|
7 |
|a americké romány
|7 fd131796
|2 czenas
|
| 655 |
|
9 |
|a American fiction
|2 eczenas
|
| 765 |
0 |
|
|t Guarded heart
|9 Česky
|
| 856 |
4 |
1 |
|u http://www.digitalniknihovna.cz/mzk/uuid/uuid:d3abfc40-b021-11e3-9d7d-005056827e51
|y Digitalizovaný dokument
|x NDK
|
| 910 |
2 |
|
|a BOA001
|b 2-1217.690
|
| 990 |
|
|
|a BK
|
| 995 |
|
|
|a 01
|
| 991 |
|
|
|b 200901
|
| 996 |
6 |
|
|b 2610364860
|c 2-1217.690
|l MZK
|r Sklad / do 1 hodiny
|n 6
|p p.v.
|w 000927400
|u 000010
|a 1
|e BOA001
|j MZK50
|s P
|